| 000 | 00327nam a2200121Ia 4500 | ||
|---|---|---|---|
| 008 | 210430s9999 xx 000 0 und d | ||
| 020 | _a0-20-947700-x | ||
| 082 | _a621.38152 R185O | ||
| 100 |
_aJames D. Rancourt _954314 |
||
| 245 |
_aOptical Thin Films Users' Handbook _cJames D. Rancourt |
||
| 300 | _a291 | ||
| 942 |
_cBK _2ddc |
||
| 999 |
_c564869 _d564869 |
||